| 000 | 00462nam a22001817a 4500 | ||
|---|---|---|---|
| 005 | 20250610151031.0 | ||
| 008 | 250610b |||||||| |||| 00| 0 eng d | ||
| 040 | _aMAIN | ||
| 082 |
_a658.3 _bN549R |
||
| 100 | _aNidhi | ||
| 245 | _aRole of psychological capital on employees turnover in healthcare | ||
| 260 | _bIMSAR, M D University, Rohtak | ||
| 300 | _a187 | ||
| 650 | _aManagement | ||
| 650 | _aEmployees Turnover | ||
| 700 | _aAarti | ||
| 942 | _cTH | ||
| 999 |
_c393376 _d393376 |
||